Diccionario económico empresarial / (Record no. 6696)

000 -CABECERA
fixed length control field 00765nam a22002057a 4500
003 - IDENTIFICADOR DEL NÚMERO DE CONTROL
control field AR-CdUCM
008 - DATOS DE LONGITUD FIJA--INFORMACIÓN GENERAL
fixed length control field 190319b ||||| |||| 00| 0 spa d
040 ## - FUENTE DE LA CATALOGACIÓN
Agencia/entidad que catalogó originalmente la obra MUNICIPALIDAD PROVINCIAL DEL CUSCO
Entidad que transcribió la catalogación BIBLIOTECA MUNICIPAL DEL CUSCO
082 ## - NÚMERO DE LA CLASIFICACIÓN DECIMAL DEWEY
No. de Clasificación 330 /
Notacion interna I61
110 ## - ENTRADA PRINCIPAL--NOMBRE DE ENTIDAD CORPORATIVA
Nombre de la institución, jurisdicción como entrada principal Instituto internacional de investigaciones empresa y cambio
9 (RLIN) 18837
245 ## - MENCIÓN DE TÍTULO
Título Diccionario económico empresarial /
260 ## - PUBLICACIÓN, DISTRIBUCIÓN, ETC.
Lugar de publicación, distribución, etc. Lima :
Nombre de la editorial, distribuidor, etc. Laser texto,
300 ## - DESCRIPCIÓN FÍSICA
Nº de Páginas Extensión 270 páginas ;
Dimensiones 21 cm.
Otros detalles físicos Ilustraciones, cuadros comparativo y gráficos,
505 ## - NOTA DE CONTENIDO CON FORMATO
Nota de contenido formateada Contenido : Relación de gráficos y cuadros -- Anexo (Recaudación tributaria) -- Diccionario ...
650 ## - PUNTO DE ACCESO ADICIONAL DE MATERIA--TÉRMINO DE MATERIA
Descriptor Dicionario
9 (RLIN) 18838
650 ## - PUNTO DE ACCESO ADICIONAL DE MATERIA--TÉRMINO DE MATERIA
Descriptor Empresarial
9 (RLIN) 18839
650 ## - PUNTO DE ACCESO ADICIONAL DE MATERIA--TÉRMINO DE MATERIA
Descriptor Económico
9 (RLIN) 18840
942 ## - ELEMENTOS DE PUNTO DE ACCESO ADICIONAL (KOHA)
Fuente de clasificación
Tipo de item Libros-BMC
945 ## - PROCESAMIENTO DE INFORMACIÓN LOCAL (OCLC)
Catalogador rah
Holdings
Estado de retiro (separado) Fuente de clasificación o esquema de estanterías Estado dañado Ubicación Sala donde se ubica Nombre de la colección Fecha de adquisición o compra Costo, precio normal en soles Signatura topográfica Código de Barras Última vez visto (Koha) Tipo de ítem (Koha)
No     Sala Humanidades Sala Humanidades Book Cart 2019-03-19 10.00 330 / I61 SH0000007831 2019-03-19 Libros-BMC

Powered by Koha